[Event "Open de Louviers"]
[Site "Louviers"]
[Date "2004.05.30"]
[Round "4"]
[White "Totain, Christian"]
[Black "Rouas, Yannick"]
[Result "0-1"]
[WhiteElo "1450"]
[BlackElo "1720"]
[PlyCount "76"]

1. d4 Nf6 2. c4 c5 3. d5 b5 4. b3 g6 5. Bb2 Bg7 6. Nf3 d6 7. e3 bxc4 8. bxc4
O-O 9. Bd3 Nbd7 10. O-O Ba6 11. Qe2 Rb8 12. Nc3 Nxd5 13. cxd5 Bxd3 14. Qxd3
Rxb2 15. Rfb1 Rxb1+ 16. Rxb1 Qa5 17. Ne4 Nb6 18. h4 Qxa2 19. h5 Qxd5 20. Qxd5
Nxd5 21. hxg6 hxg6 22. Rb7 Ra8 23. Ned2 Bf6 24. Nc4 a5 25. Rb3 a4 26. Rd3 Nb4
27. Rd1 a3 28. Nfd2 a2 29. Nb3 a1=Q 30. Nxa1 Rxa1 31. Rxa1 Bxa1 32. Kf1 d5 33.
Nd2 c4 34. Ke1 Bc3 35. Kd1 Bxd2 36. Kxd2 Nd3 37. f3 Kg7 38. Kc3 Ne1 0-1

[Event "Open de Louviers"]
[Site "Louviers"]
[Date "2004.05.30"]
[Round "4"]
[White "Frigere, Guy"]
[Black "Duflot, Martial"]
[Result "0-1"]
[WhiteElo "1380"]
[BlackElo "1920"]
[PlyCount "60"]

1. e4 d6 2. Nf3 Nf6 3. d4 Nxe4 4. Bf4 e6 5. c3 Be7 6. Bd3 Nf6 7. Qc2 Nc6 8.
Nbd2 Nd5 9. Bg3 Bf6 10. O-O-O g6 11. Rde1 a6 12. Bc4 Nce7 13. h4 b5 14. Bd3 c5
15. Ne4 Nf5 16. h5 Nxg3 17. Nxg3 Nf4 18. hxg6 Nxd3+ 19. Qxd3 fxg6 20. d5 e5 21.
Qe4 Ra7 22. Kb1 Kf8 23. Ka1 Rf7 24. Re2 Bg7 25. Nh4 Rf4 26. Nxg6+ hxg6 27.
Rxh8+ Bxh8 28. Qxg6 Qf6 29. Qxf6+ Bxf6 30. Nh5 Rh4 0-1

[Event "Open de Louviers"]
[Site "Louviers"]
[Date "2004.05.30"]
[Round "4"]
[White "Dallery, Christophe"]
[Black "Arinal, Serge"]
[Result "1-0"]
[WhiteElo "1770"]
[BlackElo "1420"]
[PlyCount "85"]

1. d4 Nf6 2. Nf3 g6 3. c4 Bg7 4. Nc3 d6 5. e4 Bg4 6. Be2 O-O 7. O-O c5 8. Be3
cxd4 9. Bxd4 Nc6 10. Be3 b6 11. a3 Rc8 12. Rc1 Nd7 13. Nb5 a6 14. Nbd4 Nde5 15.
Nxe5 Bxe2 16. Nexc6 Bxd1 17. Nxd8 Bxd4 18. Bxd4 Be2 19. Rfe1 Bxc4 20. Bxb6 Rb8
21. Ba5 Bb5 22. Nc6 Bxc6 23. Rxc6 Rxb2 24. Rec1 Ra2 25. Rxa6 Rxa3 26. Ra7 Re8
27. Bb6 Rb3 28. Be3 Reb8 29. g3 Rb1 30. Rxb1 Rxb1+ 31. Kg2 e6 32. Bh6 Rb8 33.
Rd7 d5 34. exd5 exd5 35. Rxd5 f5 36. Rd7 Kh8 37. Kh3 Re8 38. Kh4 Re4+ 39. f4
Re8 40. Kg5 Rc8 41. Bg7+ Kg8 42. Be5 Ra8 43. Rg7+ 1-0

[Event "Open de Louviers"]
[Site "Louviers"]
[Date "2004.05.30"]
[Round "4"]
[White "Wielezynski, Olivier"]
[Black "Bordelet, Louis"]
[Result "1-0"]
[WhiteElo "1660"]
[BlackElo "1760"]
[PlyCount "65"]

1. e4 e5 2. Nf3 Nc6 3. Bb5 a6 4. Ba4 Nf6 5. O-O Be7 6. Re1 b5 7. Bb3 d6 8. c3
O-O 9. h3 Bb7 10. d4 Re8 11. Nbd2 Bf8 12. Bc2 Nb8 13. Nf1 exd4 14. cxd4 Nxe4
15. N1h2 Nf6 16. Bg5 Nbd7 17. Qd3 g6 18. Qd2 Bg7 19. a4 Qc8 20. Rac1 Ne4 21.
Qf4 Nxg5 22. Nxg5 Nf6 23. Bb3 Rxe1+ 24. Rxe1 d5 25. Ng4 Qd7 26. Nxf6+ Bxf6 27.
Qxf6 Qf5 28. Qxf5 gxf5 29. Re7 Rf8 30. axb5 axb5 31. Rxc7 Ba8 32. Rd7 h6 33.
Nf3 1-0

[Event "Open de Louviers"]
[Site "Louviers"]
[Date "2004.05.30"]
[Round "4"]
[White "Ababsa, Tufek"]
[Black "Lebert, Eric"]
[Result "1-0"]
[WhiteElo "1750"]
[BlackElo "1490"]
[PlyCount "101"]

1. e4 c6 2. Nc3 d5 3. Nf3 dxe4 4. Nxe4 Bf5 5. Ng3 Bg6 6. Ne5 Nd7 7. Nxg6 hxg6
8. Bc4 b5 9. Bb3 Nc5 10. Qf3 Nf6 11. Qxc6+ Nfd7 12. Bd5 Rc8 13. Qxb5 e6 14. Bf3
Be7 15. d4 Rb8 16. Qe2 Na4 17. c3 Nab6 18. Bf4 Rc8 19. Ne4 Nf6 20. Nxf6+ gxf6
21. h4 Kf8 22. Qc2 g5 23. Bg3 f5 24. h5 g4 25. Be2 Bg5 26. Rd1 Qd5 27. f3 gxf3
28. Bxf3 Qxa2 29. d5 Rd8 30. d6 Nc4 31. Bf2 Be3 32. d7 Bxf2+ 33. Qxf2 Qxb2 34.
Qc5+ Kg7 35. Qxc4 Qb6 36. Qf4 Kh7 37. g4 Rhg8 38. g5 Rb8 39. Qe5 f6 40. Qxf6
Qe3+ 41. Be2 Rgf8 42. g6+ Kh6 43. Qd4 Qg3+ 44. Qf2 Qxc3+ 45. Kf1 Qf6 46. Qf4+
Kg7 47. h6+ Kxg6 48. h7 Rh8 49. Rh6+ Kg7 50. Rxf6 Kxf6 51. Qh6+ 1-0

[Event "Open de Louviers"]
[Site "Louviers"]
[Date "2004.05.30"]
[Round "4"]
[White "Vine, Thibaut"]
[Black "Bordelet, Arthur"]
[Result "1-0"]
[WhiteElo "1690"]
[BlackElo "1410"]
[PlyCount "85"]

1. e4 e5 2. Nf3 Nf6 3. Bc4 Nc6 4. d3 Bc5 5. c3 d6 6. Nbd2 O-O 7. Nf1 h6 8. Bb3
d5 9. exd5 Nxd5 10. Ne3 Be6 11. Bc2 Re8 12. d4 exd4 13. cxd4 Bb6 14. O-O Rb8
15. Qd3 g6 16. Rd1 Ncb4 17. Qd2 Ba5 18. Nxd5 Qxd5 19. Bb3 Qh5 20. Qxh6 Qxh6 21.
Bxh6 Bxb3 22. axb3 Bb6 23. Rac1 Rbc8 24. Bf4 Red8 25. Be5 Nc6 26. Rc4 Nxe5 27.
Nxe5 f6 28. Nxg6 Kf7 29. Nf4 c5 30. d5 f5 31. Ne6 Rd7 32. b4 a6 33. bxc5 Rxd5
34. Rxd5 Kxe6 35. Rd6+ Ke7 36. Rxb6 Rxc5 37. Rxc5 f4 38. Rh6 f3 39. gxf3 b6 40.
Rxb6 Kf7 41. Rxa6 Kg7 42. Rc7+ Kg8 43. Ra8# 1-0

[Event "Open de Louviers"]
[Site "Louviers"]
[Date "2004.05.30"]
[Round "4"]
[White "Vine, Romain"]
[Black "Kurschat, Serge"]
[Result "0-1"]
[WhiteElo "1430"]
[BlackElo "1499"]
[PlyCount "112"]

1. e4 c5 2. Nf3 e6 3. Nc3 a6 4. a4 Nc6 5. Bc4 Be7 6. d3 Nf6 7. O-O O-O 8. Bf4
d6 9. Re1 Bd7 10. Qd2 e5 11. Be3 Nd4 12. Bxd4 cxd4 13. Nd5 Nxd5 14. Bxd5 Qc7
15. Qb4 Bc6 16. Bxc6 Qxc6 17. Qd2 Rac8 18. Rec1 Qb6 19. b3 Qc6 20. Rab1 Rc7 21.
h3 Rfc8 22. Qe2 f6 23. Nd2 d5 24. exd5 Qxd5 25. Nc4 Qe6 26. Ra1 b5 27. axb5
axb5 28. Na3 Qa6 29. Nc4 Qb7 30. Na3 Ra8 31. Nxb5 Rxa1 32. Rxa1 Qxb5 33. Ra8+
Bf8 34. Qg4 Qb7 35. Qe6+ Rf7 36. Rc8 h6 37. g4 Qe7 38. Qxe7 Rxe7 39. Kf1 Kf7
40. Ke2 Rb7 41. Kf3 Bb4 42. Ke4 Kg6 43. h4 h5 44. gxh5+ Kxh5 45. Kf5 Bd2 46.
Rh8+ Bh6 47. Rc8 Kxh4 48. Kg6 Kg4 49. c4 Rxb3 50. c5 Rxd3 51. c6 Rc3 52. c7 d3
53. Rd8 Rxc7 54. Rxd3 Kf4 55. Rg3 Rc2 56. Kh5 Rxf2 0-1

[Event "Open de Louviers"]
[Site "Louviers"]
[Date "2004.05.30"]
[Round "4"]
[White "Mougin, Loic"]
[Black "Varin, Joel"]
[Result "0-1"]
[WhiteElo "1240"]
[BlackElo "1710"]
[PlyCount "104"]

1. e4 Nf6 2. Nc3 d6 3. Bc4 Nc6 4. d3 g6 5. Bg5 Bg7 6. Nf3 O-O 7. h3 Na5 8. Bb3
Nxb3 9. axb3 a6 10. O-O Bd7 11. Qd2 b5 12. Bh6 b4 13. Nd5 Nxd5 14. exd5 a5 15.
Bxg7 Kxg7 16. c3 Qb8 17. cxb4 Qxb4 18. Qxb4 axb4 19. Rxa8 Rxa8 20. Rc1 Ra7 21.
Rc4 Rb7 22. Nd4 Kf6 23. f4 e5 24. fxe5+ Kxe5 25. Nc2 Kxd5 26. Nxb4+ Ke6 27. Kf2
c5 28. Re4+ Kf6 29. Nd5+ Kg7 30. b4 Bc6 31. Re7 Bxd5 32. Rxb7 Bxb7 33. b5 Kf6
34. Ke3 Ke5 35. g4 d5 36. b3 d4+ 37. Kf2 Kf4 38. b6 h6 39. b4 cxb4 40. Ke2 b3
41. Kd2 f5 42. gxf5 gxf5 43. Kc1 Ke3 44. Kb2 Kxd3 45. Kxb3 f4 46. Kb2 f3 47.
Kc1 f2 48. Kb2 f1=Q 49. Ka2 Kc3 50. h4 Qe2+ 51. Ka3 Qb2+ 52. Ka4 Qb4# 0-1

[Event "Open de Louviers"]
[Site "Louviers"]
[Date "2004.05.30"]
[Round "4"]
[White "Divry, Sylvie"]
[Black "Leguillon, David"]
[Result "0-1"]
[WhiteElo "1250"]
[BlackElo "1620"]
[PlyCount "80"]

1. d4 Nf6 2. c4 c5 3. d5 b5 4. b3 g6 5. Nc3 bxc4 6. bxc4 Bg7 7. Rb1 O-O 8. e4
d6 9. Nf3 Nbd7 10. Bd3 Ng4 11. O-O Bxc3 12. Bb2 Bxb2 13. Rxb2 Nge5 14. Be2
Nxf3+ 15. Bxf3 Ne5 16. Rb3 Nxc4 17. Bh5 Bd7 18. Rg3 Kg7 19. f4 f5 20. Bxg6 hxg6
21. Qh5 Qe8 22. Qh4 Rh8 23. Qg5 Qf7 24. Re1 Qf6 25. exf5 Qxg5 26. Rxg5 Bxf5 27.
Rxe7+ Kf6 28. Rb7 Nd2 29. Rg3 Rhb8 30. Rc7 Rb1+ 31. Kf2 Ne4+ 32. Kf3 Nxg3 33.
Kxg3 Rd1 34. Kh4 Rxd5 35. g4 Rh8+ 36. Kg3 Rd3+ 37. Kg2 Be4+ 38. Kg1 Rd1+ 39.
Kf2 Rxh2+ 40. Ke3 Re1# 0-1

[Event "Open de Louviers"]
[Site "Louviers"]
[Date "2004.05.30"]
[Round "4"]
[White "Duc, Marie-Christine"]
[Black "Becrit, Guy"]
[Result "0-1"]
[WhiteElo "1480"]
[BlackElo "1240"]
[PlyCount "91"]

1. d4 Nf6 2. c4 g6 3. Nc3 Bg7 4. Nf3 d6 5. e4 O-O 6. Be2 c6 7. O-O Bg4 8. Rb1
Nbd7 9. b4 Rb8 10. Bb2 Nb6 11. h3 Bxf3 12. Bxf3 Nxc4 13. Be2 Nxb2 14. Rxb2 d5
15. exd5 Nxd5 16. Nxd5 Qxd5 17. Rd2 Rbd8 18. Bf3 Qc4 19. d5 Rd6 20. a3 Rfd8 21.
Be2 Qf4 22. Bf3 Qg5 23. Qc2 cxd5 24. Rfd1 b6 25. Qc7 R8d7 26. Qc8+ Rd8 27. Qa6
Re8 28. Rc2 e6 29. Rc8 Rxc8 30. Qxc8+ Rd8 31. Qb7 Be5 32. Qxa7 Rc8 33. g3 Rc1
34. Qa8+ Kg7 35. Rxc1 Qxc1+ 36. Kg2 d4 37. Qe4 Bf6 38. Be2 Qxa3 39. b5 Qc5 40.
f4 Qf5 41. Qc6 d3 42. Bd1 d2 43. Qxb6 Qb1 44. Be2 d1=Q 45. Bxd1 45... Qxd1 46.
Qc6 {Suite non lisible} 0-1

[Event "Open de Louviers"]
[Site "Louviers"]
[Date "2004.05.30"]
[Round "4"]
[White "Lambard, Charles-Antoine"]
[Black "Pizzo, Simon"]
[Result "0-1"]
[WhiteElo "1199"]
[BlackElo "1440"]
[PlyCount "46"]

1. d4 Nf6 2. c4 c5 3. e3 g6 4. Nc3 Bg7 5. g3 d6 6. Bg2 Nc6 7. Nge2 Rb8 8. O-O
O-O 9. Bd2 a6 10. Qc2 cxd4 11. exd4 Bf5 12. Qd1 Qb6 13. Rb1 Bxb1 14. Qxb1 Nxd4
15. Be3 Nxe2+ 16. Nxe2 Qc7 17. b3 b5 18. cxb5 axb5 19. Rc1 Qa5 20. Qc2 Ng4 21.
h3 Nxe3 22. fxe3 Qb6 23. Kf2 b4 0-1

[Event "Open de Louviers"]
[Site "Louviers"]
[Date "2004.05.30"]
[Round "4"]
[White "Vallobra, Pierre"]
[Black "Le Port, Luc"]
[Result "1-0"]
[WhiteElo "1410"]
[BlackElo "1220"]
[PlyCount "33"]

1. e4 e5 2. Nf3 Nc6 3. Bb5 Nf6 4. d3 d5 5. Bxc6+ bxc6 6. exd5 Qd6 7. dxc6 Ng4
8. O-O e4 9. Re1 Be7 10. Rxe4 Qc5 11. d4 Qf5 12. Nc3 Nf6 13. Re5 Qg6 14. Qe2
Nh5 15. Rxe7+ Kd8 16. Ng5 Qxc6 17. Nxf7# 1-0

[Event "Open de Louviers"]
[Site "Louviers"]
[Date "2004.05.30"]
[Round "4"]
[White "Delengaigne, Gregory"]
[Black "Benchara, Imane"]
[Result "1-0"]
[WhiteElo "1170"]
[BlackElo "1340"]
[PlyCount "91"]

1. e4 e5 2. Nf3 Bc5 3. Nxe5 d6 4. Nf3 Nc6 5. d4 Bb6 6. c4 Be6 7. Nc3 Qe7 8. d5
Bxd5 9. cxd5 Ne5 10. Nxe5 dxe5 11. Bd3 Nf6 12. O-O O-O 13. Qf3 Rad8 14. Bg5 h6
15. Bxf6 Qxf6 16. Qxf6 gxf6 17. Rac1 Kh8 18. Na4 Bd4 19. Rxc7 Rb8 20. Nc3 Rg8
21. Rxf7 Rg6 22. Nb5 Kg8 23. Rc7 Rg5 24. Nxd4 exd4 25. Rfc1 Rg7 26. d6 Rxc7 27.
dxc7 Rc8 28. Bc4+ Kg7 29. Be6 Re8 30. c8=Q Rxc8 31. Rxc8 Kg6 32. Rc7 h5 33.
Rxb7 a6 34. Ra7 d3 35. Rxa6 d2 36. Rd6 d1=Q+ 37. Rxd1 Kg5 38. b4 h4 39. b5 Kh5
40. b6 h3 41. g3 f5 42. Bxf5 Kg5 43. b7 Kh5 44. b8=Q Kg5 45. f4+ Kh5 46. Qh8#
1-0

[Event "Open de Louviers"]
[Site "Louviers"]
[Date "2004.05.30"]
[Round "4"]
[White "Benchara, Sara"]
[Black "Gaebel, Cedric"]
[Result "0-1"]
[WhiteElo "1160"]
[BlackElo "1300"]
[PlyCount "70"]

1. e4 e5 2. Nf3 Nc6 3. Be2 Nf6 4. d3 d6 5. Nc3 Be7 6. O-O Nd4 7. Nxd4 exd4 8.
Nb5 Bd7 9. Nxd4 Qc8 10. Be3 Bg4 11. Bxg4 Nxg4 12. Bd2 Nf6 13. Nf5 Qd7 14. Ng3
d5 15. exd5 Qxd5 16. Qe2 Nh5 17. Rfe1 Qc5 18. Bg5 Nf6 19. Be3 Qe5 20. d4 Qe6
21. c4 O-O 22. d5 Qe5 23. Rad1 Ne4 24. Nh5 g6 25. Qg4 Nf6 26. Nxf6+ Qxf6 27.
Rd4 g5 28. Bxg5 Qxg5 29. Qe4 Bc5 30. d6 Bxd4 31. Qxd4 Rfe8 32. Rd1 Qe5 33. Qg4+
Kf8 34. dxc7 Qe1+ 35. Rxe1 Rxe1# 0-1

[Event "Open de Louviers"]
[Site "Louviers"]
[Date "2004.05.30"]
[Round "4"]
[White "Voegele, Francois-Marie"]
[Black "Zakoski, Thomas"]
[Result "1-0"]
[WhiteElo "1499"]
[BlackElo "1199"]
[PlyCount "83"]

1. e4 e5 2. Nc3 Nf6 3. Nf3 Nc6 4. Bc4 Bb4 5. d3 d5 6. Bd2 dxc4 7. dxc4 Bxc3 8.
bxc3 Bd7 9. Qe2 Na5 10. Rb1 Bc6 11. Nxe5 Nxe4 12. Nxc6 Nxc6 13. Qxe4+ Qe7 14.
f3 Qxe4+ 15. fxe4 O-O 16. Rxb7 Rab8 17. Rxb8 Nxb8 18. O-O Nc6 19. g4 Ne5 20. h3
Nxc4 21. Bf4 Rc8 22. a4 Na3 23. Rc1 Re8 24. e5 Nc4 25. Re1 f6 26. e6 Nd2 27.
Bxd2 Rd8 28. Be3 Rd6 29. Bxa7 Ra6 30. Bb8 Rc6 31. Re3 Kf8 32. a5 Ke8 33. e7 Rc5
34. a6 Ra5 35. a7 c5 36. c4 Ra1+ 37. Kf2 h6 38. Kf3 g5 39. Ke4 Ra6 40. Kf5 h5
41. Kg6 hxg4 42. hxg4 1-0

[Event "Open de Louviers"]
[Site "Louviers"]
[Date "2004.05.30"]
[Round "4"]
[White "Locoge, Thierry"]
[Black "Abra, Mohammed"]
[Result "0-1"]
[WhiteElo "1330"]
[BlackElo "1499"]
[PlyCount "120"]

1. e4 e5 2. Bc4 Nf6 3. Nc3 Bc5 4. Nf3 d6 5. d4 Bb4 6. dxe5 Nxe4 7. Bd2 Bf5 8.
Nxe4 Nc6 9. Bxb4 Nxb4 10. Qe2 dxe5 11. Nxe5 O-O 12. Nd3 Bxe4 13. Nxb4 Bxg2 14.
Rd1 Qh4 15. Kd2 Rfe8 16. Qd3 Rad8 17. Nd5 Bxd5 18. Bxd5 c6 19. Kc1 Rxd5 20. Qf3
Qg5+ 21. Kb1 Red8 22. Rhe1 Rxd1+ 23. Rxd1 Rxd1+ 24. Qxd1 g6 25. Qe1 Kg7 26.
Qc3+ Qf6 27. Qxf6+ Kxf6 28. Kc1 Ke5 29. Kd2 f5 30. Ke3 f4+ 31. Kf3 Kf5 32. h4
h5 33. c3 b5 34. a3 a5 35. b3 g5 36. hxg5 Kxg5 37. Kg2 h4 38. f3 c5 39. Kh2 b4
40. cxb4 cxb4 41. axb4 axb4 42. Kg2 Kf5 43. Kf2 Ke5 44. Kg2 Kd4 45. Kh3 Kc3 46.
Kxh4 Kxb3 47. Kg4 Kc4 48. Kxf4 b3 49. Ke3 Kc3 50. f4 b2 51. f5 b1=Q 52. Kf4
Qb8+ 53. Kg5 Qg8+ 54. Kf4 Qf7 55. Kg5 Kd4 56. f6 Ke5 57. Kh6 Qxf6+ 58. Kh5 Qg7
59. Kh4 Kf4 60. Kh3 Qg3# 0-1

[Event "Open de Louviers"]
[Site "Louviers"]
[Date "2004.05.30"]
[Round "4"]
[White "Blaise, Geoffrey"]
[Black "Gehl, Cedric"]
[Result "1-0"]
[WhiteElo "1280"]
[BlackElo "1400"]
[PlyCount "47"]

1. e4 d6 2. d4 Nc6 3. Nf3 Nf6 4. Nc3 e6 5. Bd3 Be7 6. O-O O-O 7. Bf4 b6 8. Re1
Bb7 9. e5 dxe5 10. Nxe5 Nxe5 11. dxe5 Nh5 12. Qxh5 g6 13. Qe2 h6 14. Rad1 g5
15. Qg4 f6 16. Bh7+ Kxh7 17. Rxd8 Raxd8 18. Qxe6 gxf4 19. Qxe7+ Kg8 20. Rd1
Rde8 21. Qxc7 Rb8 22. Rd7 Rfc8 23. Rg7+ Kf8 24. Qf7# 1-0

[Event "Open de Louviers"]
[Site "Louviers"]
[Date "2004.05.31"]
[Round "5"]
[White "Todorov, Todor"]
[Black "Baron, Romuald"]
[Result "1-0"]
[WhiteElo "2497"]
[BlackElo "1950"]
[PlyCount "29"]

1. d4 d5 2. Nf3 Nf6 3. Bg5 Ne4 4. Bh4 Bg4 5. c4 c6 6. Qb3 b5 7. cxd5 Qa5+ 8.
Nc3 Nxc3 9. bxc3 cxd5 10. Ne5 Bf5 11. e4 Bd7 12. exd5 a6 13. Be2 e6 14. O-O Bd6
15. Nxd7 1-0

[Event "Open de Louviers"]
[Site "Louviers"]
[Date "2004.05.31"]
[Round "5"]
[White "Medghoul, Sherif"]
[Black "Bacon, Nicolas"]
[Result "1-0"]
[WhiteElo "2165"]
[BlackElo "2100"]
[PlyCount "49"]

1. d4 Nf6 2. c4 g6 3. Nc3 Bg7 4. e4 d6 5. Be2 O-O 6. Nf3 e5 7. O-O Nc6 8. d5
Ne7 9. b4 Nd7 10. Ba3 f5 11. Ng5 Nf6 12. Bf3 fxe4 13. Ncxe4 Nf5 14. Ne6 Bxe6
15. dxe6 Nd4 16. Nxf6+ Qxf6 17. Bxb7 Rab8 18. Bd5 Kh8 19. b5 Nxe6 20. Bc1 c5
21. bxc6 e4 22. Be3 Qxa1 23. Qxa1 Bxa1 24. Rxa1 Nc5 25. Bd4+ 1-0

[Event "Open de Louviers"]
[Site "Louviers"]
[Date "2004.05.31"]
[Round "5"]
[White "Gibson, John"]
[Black "Bersoult, Francois"]
[Result "0-1"]
[WhiteElo "2020"]
[BlackElo "2259"]
[PlyCount "76"]

1. d4 Nf6 2. Nf3 g6 3. Nc3 d5 4. Bf4 Bg7 5. e3 O-O 6. Be2 c6 7. Ne5 Nfd7 8. h4
f6 9. Nd3 e5 10. dxe5 fxe5 11. Bg5 Qe8 12. h5 h6 13. Bh4 g5 14. Bg3 e4 15. Nc1
Be5 16. Nb3 Bxg3 17. fxg3 Qe5 18. Qd4 Qxg3+ 19. Kd2 Qe5 20. Raf1 Qxd4+ 21. Nxd4
Ne5 22. Rxf8+ Kxf8 23. Rf1+ Ke7 24. Nf5+ Bxf5 25. Rxf5 Nbd7 26. Nd1 Ke6 27. Rf1
Rf8 28. Rxf8 Nxf8 29. Nf2 Nfd7 30. b3 Nf6 31. g4 Nf3+ 32. Bxf3 exf3 33. Ke1 Ke5
34. c3 c5 35. Kd2 Ne4+ 36. Nxe4 Kxe4 37. b4 cxb4 38. cxb4 b5 0-1

[Event "Open de Louviers"]
[Site "Louviers"]
[Date "2004.05.31"]
[Round "5"]
[White "Haudrechy, Daniel"]
[Black "Vincent, Didier"]
[Result "1-0"]
[WhiteElo "1930"]
[BlackElo "2150"]
[PlyCount "109"]

1. d4 d5 2. c4 e6 3. Nc3 Nf6 4. Nf3 Be7 5. e3 Nbd7 6. Qb3 c6 7. cxd5 exd5 8.
Bd3 O-O 9. O-O Bd6 10. e4 dxe4 11. Nxe4 Nxe4 12. Bxe4 Nf6 13. Bc2 h6 14. Re1
Qc7 15. Qd3 Be6 16. Ne5 Rad8 17. Bf4 c5 18. Rac1 c4 19. Qd2 Nh5 20. g3 Nxf4 21.
gxf4 Bd5 22. Be4 Bxe5 23. fxe5 Qc6 24. f3 Rd7 25. b3 b5 26. bxc4 bxc4 27. Qc3
Rc7 28. Kf2 Rd8 29. Bxd5 Qxd5 30. Re4 Rb8 31. Rg4 Rb6 32. h4 f6 33. Re4 Re6 34.
Rce1 f5 35. R4e2 Qd8 36. Rh1 Qd5 37. h5 Rd7 38. Rh4 g5 39. hxg6 Rxg6 40. Rf4
Rf7 41. Ke3 Kg7 42. Qc2 Rg5 43. Rg2 Kg6 44. Rh4 c3 45. Rgh2 h5 46. Qxc3 f4+ 47.
Kd2 Qxa2+ 48. Qc2+ Qxc2+ 49. Kxc2 Rg3 50. R4h3 Rh7 51. Kd3 Rxh3 52. Rxh3 Kf5
53. Kc4 Ke6 54. Rh4 a5 55. Rxf4 {Suite illisible} 1-0

[Event "Open de Louviers"]
[Site "Louviers"]
[Date "2004.05.31"]
[Round "5"]
[White "Velasquez, Jean-Luc"]
[Black "Duverne, Jean-Marie"]
[Result "0-1"]
[WhiteElo "2014"]
[BlackElo "2100"]
[PlyCount "72"]

1. c4 e5 2. Nc3 Nf6 3. Nf3 Nc6 4. g3 Bb4 5. Bg2 O-O 6. O-O Re8 7. d3 Bxc3 8.
bxc3 e4 9. Ng5 exd3 10. exd3 d6 11. Rb1 h6 12. Ne4 Nxe4 13. Bxe4 Ne5 14. f4
Nxc4 15. f5 d5 16. Bg2 Ne3 17. Bxe3 Rxe3 18. f6 g6 19. Qd2 Re6 20. Qxh6 Rxf6
21. Rxf6 Qxf6 22. Bxd5 Qg7 23. Qf4 c6 24. Bc4 b5 25. Bb3 Bf5 26. g4 Bxd3 27.
Rd1 Bc4 28. Bxc4 bxc4 29. Qxc4 Qe5 30. Qxc6 Rb8 31. Qd6 Qe3+ 32. Kh1 Qf3+ 33.
Kg1 Qxg4+ 34. Kh1 Rb2 35. Qd5 Qh3 36. Qd8+ Kh7 0-1

[Event "Open de Louviers"]
[Site "Louviers"]
[Date "2004.05.31"]
[Round "5"]
[White "Rouas, Yannick"]
[Black "Koumba Mounguengui, Jose Evrard"]
[Result "0-1"]
[WhiteElo "1720"]
[BlackElo "2090"]
[PlyCount "46"]

1. d4 Nf6 2. Nf3 e6 3. Bg5 Be7 4. c4 b6 5. e3 Bb7 6. Be2 c5 7. Nc3 d5 8. dxc5
O-O 9. cxd5 Nxd5 10. Bxe7 Qxe7 11. Nxd5 Bxd5 12. O-O Nc6 13. Qc2 f5 14. Nd2 Ne5
15. e4 fxe4 16. Nxe4 Qh4 17. f4 Rxf4 18. Rxf4 Qxf4 19. Ng3 Rf8 20. Rf1 Qe3+ 21.
Kh1 Rxf1+ 22. Nxf1 Qf2 23. Bd3 Bxg2# 0-1

[Event "Open de Louviers"]
[Site "Louviers"]
[Date "2004.05.31"]
[Round "5"]
[White "Baron, Daniel"]
[Black "Bidon, Sebastien"]
[Result "0-1"]
[WhiteElo "2139"]
[BlackElo "1499"]
[PlyCount "42"]

1. d4 e6 2. c4 d5 3. Nf3 Nf6 4. Bg5 Be7 5. Nc3 c6 6. e3 O-O 7. Rc1 a6 8. Bd3
dxc4 9. Bxc4 b5 10. Bd3 Bb7 11. a4 Nbd7 12. O-O Re8 13. Qe2 Rc8 14. Rfd1 Qa5
15. Bc2 b4 16. Nb1 c5 17. dxc5 Rxc5 18. Bh4 Bf8 19. Nbd2 Qc7 20. Nb3 Bxf3 21.
Qxf3 Rxc2 0-1

[Event "Open de Louviers"]
[Site "Louviers"]
[Date "2004.05.31"]
[Round "5"]
[White "Vigneron, Frederic"]
[Black "Vine, Thibaut"]
[Result "1-0"]
[WhiteElo "2047"]
[BlackElo "1690"]
[PlyCount "43"]

1. d4 Nf6 2. c4 g6 3. Nc3 Bg7 4. e4 d6 5. Be2 O-O 6. Bg5 Nbd7 7. Qd2 Re8 8. Nf3
c5 9. O-O a6 10. h3 Qc7 11. Rfe1 Qc6 12. Bf1 Rb8 13. Rac1 b5 14. d5 Qa8 15.
cxb5 axb5 16. Bxb5 Qa5 17. Qe2 e6 18. dxe6 fxe6 19. a4 Re7 20. Qd3 Qc7 21. Rcd1
d5 22. exd5 1-0

[Event "Open de Louviers"]
[Site "Louviers"]
[Date "2004.05.31"]
[Round "5"]
[White "Duflot, Martial"]
[Black "Wielezynski, Olivier"]
[Result "0-1"]
[WhiteElo "1920"]
[BlackElo "1660"]
[PlyCount "44"]

1. e4 e5 2. Nf3 Nc6 3. Bb5 a6 4. Ba4 Nf6 5. O-O b5 6. Bb3 Be7 7. Re1 O-O 8. c3
d5 9. exd5 Nxd5 10. Nxe5 Nxe5 11. Rxe5 c6 12. Qf3 Bd6 13. Re1 Re8 14. Rxe8+
Qxe8 15. Kf1 Qe5 16. Bxd5 cxd5 17. Qe2 Qxh2 18. Qe8+ Bf8 19. Qc6 Qh1+ 20. Ke2
Bg4+ 21. Kd3 Qf1+ 22. Kc2 Bd1# 0-1

[Event "Open de Louviers"]
[Site "Louviers"]
[Date "2004.05.31"]
[Round "5"]
[White "Serano, Vincent"]
[Black "Dallery, Christophe"]
[Result "1-0"]
[WhiteElo "1660"]
[BlackElo "1770"]
[PlyCount "87"]

1. d4 d5 2. Bf4 Nf6 3. e3 Bf5 4. Nf3 e6 5. Nbd2 Nbd7 6. a3 c5 7. c3 Be7 8. Be2
h6 9. Ne5 O-O 10. g4 Bh7 11. h4 Ne4 12. g5 Nxe5 13. Bxe5 hxg5 14. hxg5 Bxg5 15.
Bd3 Bh6 16. Nxe4 dxe4 17. Qg4 Qg5 18. Be2 Qxg4 19. Bxg4 cxd4 20. cxd4 f5 21.
Be2 Rac8 22. b3 a6 23. Bc4 Kf7 24. a4 Ke7 25. Rd1 Rfd8 26. Bxg7 Bxg7 27. Rxh7
Kf6 28. Bxe6 Rh8 29. Rxh8 Rxh8 30. Bc4 Rh1+ 31. Bf1 Bf8 32. Rc1 Bd6 33. Rc8 Rh7
34. Bc4 Rc7 35. Rxc7 Bxc7 36. Ke2 Ba5 37. f3 Bb4 38. fxe4 fxe4 39. Bd5 Kf5 40.
Bxb7 a5 41. Bc8+ Kf6 42. Kf2 Bd2 43. Bh3 Ke7 44. Bf5 1-0

[Event "Open de Louviers"]
[Site "Louviers"]
[Date "2004.05.31"]
[Round "5"]
[White "Kurschat, Serge"]
[Black "Ababsa, Tufek"]
[Result "1-0"]
[WhiteElo "1499"]
[BlackElo "1750"]
[PlyCount "87"]

1. e4 e6 2. d4 d5 3. Nd2 Nf6 4. e5 Nfd7 5. Bd3 c5 6. Ne2 cxd4 7. Nxd4 Nxe5 8.
N2f3 Nxd3+ 9. cxd3 Nc6 10. O-O Be7 11. Nb3 O-O 12. Re1 Bf6 13. d4 Bd7 14. Bf4
Rc8 15. Rc1 b6 16. Ne5 Bg5 17. Bxg5 f6 18. Bxf6 gxf6 19. Nxc6 Rxc6 20. Rxc6
Bxc6 21. Rxe6 Qd7 22. Qe1 Kf7 23. Re3 Re8 24. h3 Qf5 25. Rxe8 Bxe8 26. Qc1 Kg6
27. Na1 Bb5 28. Qd1 Qd3 29. Qxd3+ Bxd3 30. f3 Kf5 31. Kf2 h5 32. Kg3 a5 33. a3
a4 34. h4 b5 35. Kf2 Kf4 36. g3+ Kf5 37. Ke3 Bb1 38. Kd2 Kg6 39. Kc1 Bd3 40.
Kd2 Bf5 41. Nc2 Bxc2 42. Kxc2 f5 43. f4 Kf6 44. Kc3 1-0

[Event "Open de Louviers"]
[Site "Louviers"]
[Date "2004.05.31"]
[Round "5"]
[White "Canu, Alban"]
[Black "Pizzo, Simon"]
[Result "1-0"]
[WhiteElo "1810"]
[BlackElo "1440"]
[PlyCount "67"]

1. e4 c5 2. Nf3 Nc6 3. Bb5 e6 4. Bxc6 dxc6 5. O-O Ne7 6. b3 Ng6 7. Bb2 Qb6 8.
d3 c4 9. dxc4 f6 10. e5 f5 11. Nbd2 Be7 12. a3 O-O 13. b4 a5 14. c3 a4 15. g3
Qc7 16. c5 b5 17. Qe2 Bb7 18. Rad1 f4 19. Rfe1 fxg3 20. hxg3 Rf5 21. c4 Raf8
22. Rf1 Nf4 23. gxf4 Rxf4 24. Nh2 R8f5 25. Ndf3 Bh4 26. Nxh4 Rxh4 27. Qd2 Qf7
28. Qd8+ Qf8 29. Qxf8+ Rxf8 30. Rd7 Bc8 31. Rd6 Rf5 32. Rd8+ Rf8 33. Rxf8+ Kxf8
34. cxb5 1-0

[Event "Open de Louviers"]
[Site "Louviers"]
[Date "2004.05.31"]
[Round "5"]
[White "Colard, Eric"]
[Black "Totain, Christian"]
[Result "1-0"]
[WhiteElo "1710"]
[BlackElo "1420"]
[PlyCount "49"]

1. d4 Nf6 2. Nf3 g6 3. Bg5 Bg7 4. e3 d5 5. c4 c6 6. Nc3 O-O 7. Rc1 Nbd7 8. Bd3
Re8 9. O-O h6 10. Bh4 Nb6 11. Ne5 Nbd7 12. Nxd7 Qxd7 13. Bxf6 Bxf6 14. cxd5
cxd5 15. Bb5 Qd8 16. Bxe8 Qxe8 17. Nxd5 Qd8 18. Nxf6+ exf6 19. Qc2 Bf5 20. Qc7
Qxc7 21. Rxc7 b6 22. Rfc1 h5 23. f3 g5 24. e4 Bg6 25. d5 1-0